Материальная основа деятельности общественных организаций на современном этапе: правовой аспект

Detalles Bibliográficos
Autor Principal: Кудрявцева Г. А.
Autor Corporativo: Академия наук СССР (АН СССР) Институт государства и права (ИГП)
Summary:Исключено из фонда НТБ ТПУ
Idioma:ruso
Publicado: Москва, Наука, 1988
Formato: MixedMaterials Libro
KOHA link:https://koha.lib.tpu.ru/cgi-bin/koha/opac-detail.pl?biblionumber=260875

MARC

LEADER 00000nam0a2200000 4500
001 260875
005 20231031221323.0
010 |a 5020128538 
035 |a (RuTPU)RU\TPU\book\283845 
090 |a 260875 
100 |a 20140519d1988 k y0rusy50 ca 
101 0 |a rus 
102 |a RU 
105 |a y z 001zy 
200 1 |a Материальная основа деятельности общественных организаций на современном этапе: правовой аспект  |f Г. А. Кудрявцева  |g Академия наук СССР (АН СССР), Институт государства и права (ИГП) 
210 |a Москва  |c Наука  |d 1988 
215 |a 188 с. 
333 |a Исключено из фонда НТБ ТПУ 
700 1 |a Кудрявцева  |b Г. А. 
712 0 2 |a Академия наук СССР (АН СССР)  |b Институт государства и права (ИГП)  |c (Москва) 
801 1 |a RU  |b 63413507  |c 20140519 
801 2 |a RU  |b 63413507  |c 20220314  |g RCR 
942 |c BK